The African Charter on Human and Peoples' Rights : the system in practice, 1986-2000
Αποθηκεύτηκε σε:
| Άλλοι συγγραφείς: | , |
|---|---|
| Μορφή: | Βιβλίο |
| Γλώσσα: | English |
| Δημοσίευση: |
[Cambridge] :
Cambridge University Press,
[c2002]
|
| Θέματα: | |
| Ετικέτες: |
Προσθήκη ετικέτας
Δεν υπάρχουν, Καταχωρήστε ετικέτα πρώτοι!
|
MARC
| LEADER | 00000cam a2200000 i 4500 | ||
|---|---|---|---|
| 001 | 1/97808 | ||
| 008 | 081120s2002 eng d | ||
| 020 | |a 0-521-80207-5 (hbk.) | ||
| 035 | |l 10101857 | ||
| 040 | |a GR-MY-UA |b gre |e aacr | ||
| 041 | 0 | |a eng | |
| 082 | 0 | |a 323.096 |2 (22) | |
| 245 | 1 | 4 | |a The African Charter on Human and Peoples' Rights : |b the system in practice, 1986-2000 / |c edited by Malcolm D. Evans and Rachel Murray |
| 260 | |a [Cambridge] : |b Cambridge University Press, |c [c2002] | ||
| 300 | |a xx, 397 σ.; |c 24 εκ. | ||
| 504 | |a Βιβλιογραφία: σ. 383-390. Ευρετήριο | ||
| 630 | 0 | 0 | |a African Charter on Human and People's Rights. |
| 650 | 0 | 0 | |a Human rights |z Africa. |
| 700 | 1 | |a Murray, Rachel |q (Rachel H.) |4 edt | |
| 700 | 1 | |4 edt |a Evans, Malcolm D. |q (Malcolm David), |d 1959- | |
| 852 | |a INST |b RHODES |e 20081120 |h 323.096 AFR |p 005400031311 |q 005400031311 |t BK |y 0 | ||
| 901 | |a BIBL4-2008-3 | ||
| 909 | |a Ρ |b 156420 | ||
| 970 | |a ΚΟΖΑ |b ΜΑΡΙΑ |z 2008/11/20 | ||